|
|
|
|
| LEADER |
00000ckm a2200000 a 4500 |
| 001 |
vtls011768331 |
| 003 |
SK-MaSNL |
| 005 |
20260301223713.0 |
| 007 |
kf bo |
| 008 |
230718q1905 xo g kuslo |
| 015 |
|
|
|a SNBG
|
| 035 |
|
|
|a urn:nbn:sk:snk-km00dng6
|
| 035 |
|
|
|a urn:nbn:sk:snk-km3lztf
|
| 035 |
|
|
|a C8C7233D-DDFA-40BD-A3AA-04A4CED2C488
|
| 040 |
|
|
|a SNK
|b slo
|c SNK
|e AACR2
|
| 041 |
0 |
|
|a slo
|
| 043 |
|
|
|a e-xo---
|
| 044 |
|
|
|a xo
|c SK
|
| 072 |
|
7 |
|a 913
|x Regionálna geografia
|2 konspekt
|
| 080 |
|
|
|a 913(437.6)
|2 2011
|
| 080 |
|
|
|a (084.121)
|2 2011
|
| 080 |
|
|
|a 711.455:615.838
|2 2011
|
| 245 |
0 |
0 |
|a Pozdrav z Lúčok
|h grafika
|
| 260 |
|
|
|a [Slovensko?]
|b [vydavateľ neznámy]
|c [medzi 1905 a 1950?]
|
| 300 |
|
|
|a 1 pohľadnica
|b čiernobiela
|c 9 x 14 cm
|
| 520 |
8 |
|
|a Zobrazenie: v bielom orámovaní grafické znázornenie stromov a budov za nimi
|
| 650 |
0 |
7 |
|a kúpele
|2 SNKPH
|9 1139
|
| 651 |
|
7 |
|a Lúčky (Ružomberok, Slovensko)
|2 SNKPHgeo
|9 163588
|
| 655 |
|
7 |
|a miestne pohľadnice
|2 SNKPH
|9 70510
|
| 655 |
|
7 |
|a pohľadnice umeleckých diel
|2 SNKPH
|9 81593
|
| 852 |
|
|
|a Slovenská národná knižnica
|
| 958 |
|
|
|a GBN
|
| 958 |
|
|
|a OND
|
| 958 |
|
|
|a GC
|
| 958 |
|
|
|a EUIPO
|
| 999 |
|
|
|c 944613
|d 946543
|
| 952 |
|
|
|a SNK
|b SNK
|y PREZ
|7 0
|p 17A1243448
|o snkSP 95553
|0 0
|1 0
|4 0
|d 2018-07-23
|f 1
|l 0
|r 2026-02-24 09:29:55
|w 2026-02-24
|